U.S. Presidents by Supreme Court appointments - Statistics

General Stats
  • This quiz has been taken 6 times
  • The average score is 9 of 41
Answer Stats
Hint Answer % Correct
Roberts, Alito G.W. Bush
83%
Ginsburg, Breyer Clinton
67%
Sotomayor, Kagan Obama
67%
Gorsuch, Kavanaugh, Barrett Trump
67%
Jackson Biden
50%
Black, Reed, Frankfurter, Douglas, Murphy, Byrnes, Jackson, Rutledge F. Roosevelt
50%
Souter, Thomas G.H.W. Bush
50%
Fortas, Marshall L. Johnson
50%
Burger, Blackmun, Powell, Rehnquist Nixon
50%
O'Connor, Scalia, Kennedy Reagan
50%
Jay, Rutledge, Cushing, Wilson, Blair, Iredell, Johnson, Paterson, Chase, Ellsworth Washington
50%
Warren, Harlan II, Brennan, Whittaker, Stewart Eisenhower
33%
Taft, Sutherland, Butler, Sanford Harding
33%
White, Goldberg Kennedy
33%
Holmes, Day, Moody T. Roosevelt
33%
McReynolds, Brandeis, Clarke Wilson
33%
Gray, Blatchford Arthur
17%
Stone Coolidge
17%
Stevens Ford
17%
Washington, Moore, Marshall J. Adams
17%
Johnson, Livingston, Todd Jefferson
17%
Swayne, Miller, Davis, Field, Chase Lincoln
17%
McKenna McKinley
17%
Brewer, Brown, Shiras, Jackson B. Harrison
0%
Clifford Buchanan
0%
Lamar, Fuller, White, Peckham Cleveland
0%
Curtis Fillmore
0%
Matthews Garfield
0%
Strong, Bradley, Hunt, Waite Grant
0%
Harlan, Woods Hayes
0%
Hughes, Roberts, Cardozo Hoover
0%
McLean, Baldwin, Wayne, Taney, Barbour, Catron Jackson
0%
Trimble J.Q. Adams
0%
Duvall, Story Madison
0%
Thompson Monroe
0%
Campbell Pierce
0%
Woodbury, Grier Polk
0%
Lurton, Hughes, Van Devanter, Lamar, Pitney Taft
0%
Burton, Vinson, Clark, Minton Truman
0%
Nelson Tyler
0%
McKinley, Daniel Van Buren
0%
No matching quizzes found
Score Distribution
Percent of People with Each Score
Percentile by Number Answered
Your Score History
You have not taken this quiz